Nabij a zapomeň Heckler & Koch SFP 9 SK

Bibliographic Details
Main Author: Krutiš, Svatopluk (Author, Photographer)
Format: Article
Language:Czech
PhysicalDescription:Fotografie
ISSN:1212-5210
Subjects:

MARC

LEADER 00000nab a2200000 4500
001 vtls011884439
003 SK-MaSNL
005 20260303095050.0
008 190902 2019 xo 000 0 cze
015 |a SNBRB2019/03  |2 LMAOSK 
040 |a LMAOSK  |b slo  |c LMAOSK  |e rda 
041 0 |a cze 
044 |a xo  |c SK 
072 7 |a 623  |x Vojenská technika  |2 konspekt 
080 |a 623.441/.443  |2 2011 
080 |a 623.44  |2 2011 
080 |a 623.443  |2 2011 
080 |a (046)  |2 2011 
100 1 |a Krutiš, Svatopluk  |4 aut  |4 pht  |9 1086250 
245 1 0 |a Nabij a zapomeň  |b Heckler & Koch SFP 9 SK  |c text a foto Svatopluk Krutiš 
300 |b Fotografie 
336 |a text  |b txt  |2 rdacontent 
337 |a bez média  |b n  |2 rdamedia 
338 |a zväzok  |b nc  |2 rdacarrier 
500 |a Obsahuje technické údaje. 
650 0 7 |a HK SFP 9 SK (pištoľ)  |2 LMAOSK  |9 1108080 
650 0 7 |a strelné zbrane  |2 SNKPH  |9 68540 
650 0 7 |a ručné palné zbrane  |2 SNKPH  |9 28981 
650 0 7 |a pištole  |2 SNKPH  |9 13774 
655 7 |a články  |2 SNKPH  |9 70601 
773 0 |t Zbraně & náboje  |g Roč. XX, č. 3 (2019), s. 30-33  |x 1212-5210 
852 |a LMAOSK  |b KIS3GCP 
958 |a NB 
999 |c 1823621  |d 1825551